00462nam a2200169Ia 4500003000400000005001700004008004100021040000700062041000800069082002100077100001800098245006600116260003900182365001300221650002900234650002900263OSt20230519113731.0210423s2000 xx 000 0 und d cAL aeng a338.9 223bDALE aDALE (Reidar) aEvaluation frameworks for development programmes and projects aNew DelhibSage Publicationsc2000 b295cINR aEconomics of Development aEconomics of Development